| 000 | 00720 a2200205 4500 | ||
|---|---|---|---|
| 999 |
_c9102 _d9102 |
||
| 020 | _a9781559344968 | ||
| 050 | 0 | 0 | _aHQ10.5.U6 RIC 1995 |
| 100 | 1 | _aRice, F. Philip. | |
| 245 | 1 | 0 |
_aIntimate relationships, marriages, and families / _cF. Philip Rice. |
| 250 | _a3rd ed. | ||
| 264 |
_aMountain View, Calif. : _bMayfield Pub., _c1995 |
||
| 300 |
_axxii, 647 p. : _bill. (some col.) ; |
||
| 500 | _aincludes index | ||
| 504 | _aIncludes bibliographical references | ||
| 650 | 0 | _aFamily life education | |
| 650 | 0 | _aFamily life education. | |
| 651 | _aUnited States. | ||
| 942 |
_2lcc _cBK _h10.5.U6 _iRIC _kHQ |
||